Effect of des sédiments du lac tone` sap sur le rendement du riz (se`n pidor) en saison des pluies a` l'universiteé oyale d' agriculture, ប្រសិទ្ធិភាពភក់បឹងទន្លេសាបលើទិន្ធផលស្រូវសែនពិដោក្នុងលក្ឃខ័ណ្ឌរដូវវស្សានៅសាកលវិទ្យាល័យភូមិន្ធកសិកម្ម. (Record no. 1495)

000 -LEADER
fixed length control field 00810nam a22001577a 4500
003 - CONTROL NUMBER IDENTIFIER
control field OSt
005 - DATE AND TIME OF LATEST TRANSACTION
control field 20150930093908.0
008 - FIXED-LENGTH DATA ELEMENTS--GENERAL INFORMATION
fixed length control field 150930b xxu||||| |||| 00| 0 eng d
040 ## - CATALOGING SOURCE
Transcribing agency RUA
082 ## - DEWEY DECIMAL CLASSIFICATION NUMBER
Classification number AGR SOY 2007 B062 Or.1
100 ## - MAIN ENTRY--PERSONAL NAME
9 (RLIN) 1582
Personal name SOY, PUNNAK RAKSMEY.
245 ## - TITLE STATEMENT
Title Effect of des sédiments du lac tone` sap sur le rendement du riz (se`n pidor) en saison des pluies a` l'universiteé oyale d' agriculture, ប្រសិទ្ធិភាពភក់បឹងទន្លេសាបលើទិន្ធផលស្រូវសែនពិដោក្នុងលក្ឃខ័ណ្ឌរដូវវស្សានៅសាកលវិទ្យាល័យភូមិន្ធកសិកម្ម.
260 ## - PUBLICATION, DISTRIBUTION, ETC. (IMPRINT)
Place of publication, distribution, etc. pjnom phen
Name of publisher, distributor, etc. RUA
Date of publication, distribution, etc. 2007
300 ## - PHYSICAL DESCRIPTION
Extent V, 57p.
Other physical details ill.
Dimensions 29cm.
942 ## - ADDED ENTRY ELEMENTS (KOHA)
Source of classification or shelving scheme
Koha item type AGR
Holdings
Price effective from Date last seen Permanent Location Not for loan Date acquired Source of classification or shelving scheme Koha item type Barcode Lost status Damaged status Shelving location Withdrawn status Current Location Full call number
2015-09-302015-09-30Library Block B 2015-09-30 AGRRUA005035  B062 Library Block BAGR SOY 2007 B062 Or.1
2015-09-302015-09-30Library Block B 2015-09-30 AGRRUA005033  B062 Library Block BAGR SOY 2007 B062 Or.2
2015-09-302015-09-30Library Block B 2015-09-30 AGRRUA005137  B062 Library Block BAGR SOY 2007 B062 Or.3
2015-09-302015-09-30Library Block B 2015-09-30 AGRRUA005138  B062 Library Block BAGR SOY 2007 B062 Or.4
2015-09-302015-09-30Library Block B 2015-09-30 AGRRUA005250  B062 Library Block BAGR SOY 2007 B062 Or.5
2015-09-302015-09-30Library Block B 2015-09-30 AGRRUA005136  B062 Library Block BAGR SOY 2007 B062 Or.6
2015-09-302015-09-30Library Block B 2015-09-30 AGRRUA005252  B062 Library Block BAGR SOY 2007 B062 Or.7
2015-09-302015-09-30Library Block B 2015-09-30 AGRRUA005180  B062 Library Block BAGR SOY 2007 B062 Or.8
មជ្ឈមណ្ឌលឯការនៃសាកលវិទ្យាល័យភូមិន្ទកសិកម្មចំការដូង

Powered by Koha